Thủy lực công trình : Tóm tắt lý thuyết, bài tập, lời giải và hướng dẫn cách giải

Tập hợp các tóm tắt lý thuyết, bài tập, lời giải và hướng dẫn cách giải dùng cho sinh viên ngành công trình nghiên cứu về thủy lực. Nội dung chủ yếu hướng dẫn việc ứng dụng lý thuyết để giải các bài tập phục vụ cho việc tính toán,...

Ful tanımlama

Kaydedildi:
Detaylı Bibliyografya
Yazar: Phùng, Văn Khương
Materyal Türü: Kitap
Dil:Undetermined
Baskı/Yayın Bilgisi: Hà Nội Xây Dựng 2010
Konular:
Etiketler: Etiketle
Etiket eklenmemiş, İlk siz ekleyin!
Thư viện lưu trữ: Trung tâm Học liệu Trường Đại học Cần Thơ
LEADER 01398nam a2200217Ia 4500
001 CTU_153347
008 210402s9999 xx 000 0 und d
020 |c 64000 
082 |a 627 
082 |b Kh561 
100 |a Phùng, Văn Khương 
245 0 |a Thủy lực công trình : 
245 0 |b Tóm tắt lý thuyết, bài tập, lời giải và hướng dẫn cách giải 
245 0 |c Phùng Văn Khương, Phạm Văn Vĩnh 
260 |a Hà Nội 
260 |b Xây Dựng 
260 |c 2010 
520 |a Tập hợp các tóm tắt lý thuyết, bài tập, lời giải và hướng dẫn cách giải dùng cho sinh viên ngành công trình nghiên cứu về thủy lực. Nội dung chủ yếu hướng dẫn việc ứng dụng lý thuyết để giải các bài tập phục vụ cho việc tính toán, thiết kế các công trình nằm trên hoặc vượt qua sông suối như: cầu, cống, đập, đường tràn, cầu tràn, cống tràn liên hợp, các công trình tiêu năng, thoát nước và công trình gia cố bảo vệ. 
650 |a Hydraulics,Thủy học,Hydrology,Thủy lực học 
904 |i Năm, Anh, Trọng Hiếu 
980 |a Trung tâm Học liệu Trường Đại học Cần Thơ